Année de la Coupe du monde ou année du Championnat d'Europe? - Statistiques

Statistiques générales
  • Ce quiz a été pris 66 fois
  • Le résultat moyen est 33 sur 39
Statistiques - réponses
Hint Réponse % Correct
1988 Championnat d'Europe
97%
2014 Coupe du monde
97%
2006 Coupe du monde
97%
1986 Coupe du monde
94%
2018 Coupe du monde
94%
1998 Coupe du monde
94%
1996 Championnat d'Europe
90%
2004 Championnat d'Europe
90%
1966 Coupe du monde
90%
2010 Coupe du monde
90%
2016 Championnat d'Europe
89%
2000 Championnat d'Europe
89%
2012 Championnat d'Europe
89%
2008 Championnat d'Europe
89%
1934 Coupe du monde
89%
2002 Coupe du monde
89%
1970 Coupe du monde
89%
1994 Coupe du monde
87%
2021 Championnat d'Europe
85%
1930 Coupe du monde
85%
1990 Coupe du monde
85%
2022 Coupe du monde
85%
1992 Championnat d'Europe
84%
1958 Coupe du monde
84%
1968 Championnat d'Europe
82%
1972 Championnat d'Europe
81%
1938 Coupe du monde
81%
1984 Championnat d'Europe
77%
1982 Coupe du monde
77%
1980 Championnat d'Europe
76%
1964 Championnat d'Europe
74%
2024 Championnat d'Europe
74%
1954 Coupe du monde
74%
1974 Coupe du monde
73%
1978 Coupe du monde
73%
1950 Coupe du monde
71%
1962 Coupe du monde
68%
1976 Championnat d'Europe
66%
1960 Championnat d'Europe
65%
Aucun quiz correspondant
Distribution des résultats
% des personnes avec chaque résultat
Percentile par nombre de réponses
Votre historique - résultats
Vous n’avez pas pris ce quiz